[Event "DEM U12/U12w 2003"]
[Site "Willingen GER"]
[Date "2003.06.11"]
[Round "7"]
[White "Roitzsch, Philipp"]
[Black "Schulz, Marcel"]
[Result "0-1"]
[Termination "normal"]
[Board "21"]
[WhiteElo "1612"]
[BlackElo "1406"]
[PlyCount "82"]
[WhiteFideId "24635529"]
[BlackFideId "1270585"]
[EventCountry "GER"]
[EventRounds "11"]
[EventType "swiss"]
[EventDate "2003.06.07"]

1. e4 c5 2. d4 cxd4 3. c3 d3 4. Bxd3 g6 5. Nf3 Bg7 6. Bc4 Nc6 7. O-O Nf6 8. Qe2
d6 9. Rd1 Qc7 10. Bf4 Nd7 11. Nbd2 O-O 12. Bb3 Nde5 13. Nd4 a6 14. N2f3 Bg4 15.
h3 Nxd4 16. cxd4 Nxf3+ 17. gxf3 Bxh3 18. Kh2 Bd7 19. Be3 Bb5 20. Qd2 Rfd8 21.
Rac1 Qd7 22. Rh1 Rac8 23. Rcg1 Ba4 24. Kg2 Bxb3 25. axb3 Rc7 26. Bh6 Bh8 27.
Bf4 Rdc8 28. Bg3 h5 29. Rh3 Rc2 30. Qf4 Bg7 31. Kh2 Qe6 32. Qe3 Rxb2 33. d5 Qd7
34. Qg5 Bf6 35. Qf4 Rxf2+ 36. Rg2 Rxg2+ 37. Kxg2 Rc2+ 38. Bf2 Rxf2+ 39. Kxf2
Qxh3 40. Ke2 Qg2+ 41. Kd3 Qf1+ 0-1

[Event "DEM U12/U12w 2003"]
[Site "Willingen GER"]
[Date "2003.06.11"]
[Round "7"]
[White "Doberitz, Paul"]
[Black "Gahn, Juliane"]
[Result "0-1"]
[Termination "normal"]
[Board "22"]
[WhiteElo "1526"]
[BlackElo "1379"]
[PlyCount "50"]
[WhiteFideId "24646130"]
[EventCountry "GER"]
[EventRounds "11"]
[EventType "swiss"]
[EventDate "2003.06.07"]

1. e4 c5 2. Nf3 e6 3. d4 cxd4 4. Nxd4 Nf6 5. Bd3 d6 6. Nc3 Be7 7. O-O Nc6 8.
Nxc6 bxc6 9. Qe2 O-O 10. Be3 e5 11. h3 d5 12. exd5 cxd5 13. Bg5 Qd6 14. Nb5 Qb8
15. Qd2 Re8 16. Qc3 Bd7 17. Bxf6 Bxf6 18. Qc5 Be6 19. c3 a6 20. Na3 Qb7 21. Nc2
Rac8 22. Qa5 Qxb2 23. Qxa6 e4 24. Bb5 Ra8 25. Qd6 Qxb5 0-1

[Event "DEM U12/U12w 2003"]
[Site "Willingen GER"]
[Date "2003.06.11"]
[Round "7"]
[White "Jannes, Alexander"]
[Black "Seifert, Christopher"]
[Result "1/2-1/2"]
[Termination "normal"]
[Board "23"]
[WhiteElo "1515"]
[BlackElo "1369"]
[PlyCount "31"]
[WhiteFideId "4647955"]
[BlackFideId "24615293"]
[EventCountry "GER"]
[EventRounds "11"]
[EventType "swiss"]
[EventDate "2003.06.07"]

1. d4 e6 2. c4 f5 3. Nc3 Nf6 4. Nf3 Be7 5. g3 d6 6. Bg2 Nc6 7. O-O O-O 8. e3
Qe8 9. Nb5 Bd8 10. Nc3 Be7 11. Nb5 Bd8 12. d5 Ne7 13. Nc3 e5 14. b4 Qg6 15. e4
f4 16. Re1 1/2-1/2

[Event "DEM U12/U12w 2003"]
[Site "Willingen GER"]
[Date "2003.06.11"]
[Round "7"]
[White "Trapp, Maximilian"]
[Black "Oltzen, Samuel David"]
[Result "1-0"]
[Termination "normal"]
[Board "24"]
[WhiteElo "1506"]
[BlackElo "1367"]
[PlyCount "55"]
[EventCountry "GER"]
[EventRounds "11"]
[EventType "swiss"]
[EventDate "2003.06.07"]

1. f4 e5 2. e4 Bc5 3. Nf3 d6 4. c3 Nc6 5. d4 exd4 6. cxd4 Bb4+ 7. Bd2 Bxd2+ 8.
Nbxd2 Bg4 9. Bc4 Bd7 10. O-O Nge7 11. Ng5 d5 12. exd5 Na5 13. d6 Nxc4 14. dxe7
Qxe7 15. Re1 Ne3 16. Qb3 O-O-O 17. Rxe3 Qf6 18. Nxf7 Qxd4 19. Nf3 Qxf4 20. Nxh8
Rxh8 21. Ne5 Re8 22. Rae1 Qd4 23. Nxd7 Kxd7 24. Rd1 Rxe3 25. Rxd4+ Kc6 26. Qd5+
Kb6 27. Rb4+ Ka6 28. Qb5# 1-0

[Event "DEM U12/U12w 2003"]
[Site "Willingen GER"]
[Date "2003.06.11"]
[Round "7"]
[White "Karmann, Anna"]
[Black "Schroer, Claus"]
[Result "1/2-1/2"]
[Termination "normal"]
[Board "25"]
[WhiteElo "1275"]
[BlackElo "1475"]
[PlyCount "44"]
[WhiteFideId "24648000"]
[EventCountry "GER"]
[EventRounds "11"]
[EventType "swiss"]
[EventDate "2003.06.07"]

1. e4 e5 2. Nf3 Nc6 3. Bc4 Bc5 4. d3 Nf6 5. Nc3 d6 6. Bg5 h6 7. Be3 Bb6 8. Qd2
Be6 9. Bb3 Qd7 10. O-O-O O-O-O 11. Bxb6 cxb6 12. d4 Ne7 13. dxe5 dxe5 14. Nxe5
Qc7 15. Bxe6+ fxe6 16. Nd3 Rhf8 17. f3 Nc6 18. Qe3 Nd4 19. Nf4 e5 20. Nfe2 Qc5
21. Rd3 Nh5 22. Rf1 Nf4 1/2-1/2

[Event "DEM U12/U12w 2003"]
[Site "Willingen GER"]
[Date "2003.06.11"]
[Round "7"]
[White "Collmann, Martin"]
[Black "Bradler, Stephan"]
[Result "1/2-1/2"]
[Termination "normal"]
[Board "26"]
[WhiteElo "1438"]
[BlackElo "1366"]
[PlyCount "47"]
[BlackFideId "24629367"]
[EventCountry "GER"]
[EventRounds "11"]
[EventType "swiss"]
[EventDate "2003.06.07"]

1. e4 e5 2. Nf3 Nc6 3. Bc4 Bc5 4. c3 Nf6 5. b4 Bb6 6. d3 O-O 7. O-O d6 8. a4 a6
9. Be3 Bxe3 10. fxe3 Ne7 11. Qb3 h6 12. Nbd2 c6 13. d4 Ng6 14. Rfe1 Bd7 15. Nf1
b5 16. Bd3 Qb8 17. a5 Qc7 18. Ng3 Be6 19. Qb2 Rad8 20. Rf1 Rfe8 21. Nd2 Nf8 22.
Nf3 Ng6 23. Qc2 c5 24. d5 1/2-1/2

[Event "DEM U12/U12w 2003"]
[Site "Willingen GER"]
[Date "2003.06.11"]
[Round "7"]
[White "Yao, Kelvin"]
[Black "Geis, Raoul-Marian"]
[Result "1/2-1/2"]
[Termination "normal"]
[Board "27"]
[WhiteElo "1426"]
[BlackElo "1315"]
[PlyCount "108"]
[EventCountry "GER"]
[EventRounds "11"]
[EventType "swiss"]
[EventDate "2003.06.07"]

1. d4 d5 2. c4 e6 3. Nc3 Nf6 4. Bg5 c6 5. Nf3 Nbd7 6. e3 Bb4 7. a3 Bxc3+ 8.
bxc3 Qa5 9. Qb3 O-O 10. Qb4 Qxb4 11. cxb4 b6 12. Bd3 Ba6 13. Rc1 dxc4 14. Bxc4
Bxc4 15. Rxc4 Rac8 16. O-O Ne4 17. Bf4 h6 18. h3 g5 19. Bh2 f6 20. Rfc1 c5 21.
bxc5 bxc5 22. dxc5 Ndxc5 23. Nd4 Kf7 24. f3 e5 25. Nb5 a6 26. fxe4 axb5 27.
Rxc5 Rxc5 28. Rxc5 Ra8 29. Rxb5 Rxa3 30. Kf2 Ra2+ 31. Kf3 Ra1 32. Bg3 Rf1+ 33.
Ke2 Rg1 34. Kf2 Ra1 35. Rb2 Ra4 36. Kf3 Ra1 37. Kg4 Kg6 38. Rb6 h5+ 39. Kf3 Kg7
40. h4 g4+ 41. Kf2 Ra2+ 42. Kg1 Ra1+ 43. Kh2 Kf7 44. Rb7+ Kg6 45. Rb6 Kf7 46.
Rb5 Kg6 47. Bxe5 fxe5 48. Rxe5 Re1 49. Rg5+ Kh6 50. e5 Rxe3 51. Kg1 Ra3 52. Kf2
Ra2+ 53. Kg3 Ra4 54. Kf2 Ra2+ 1/2-1/2

[Event "DEM U12/U12w 2003"]
[Site "Willingen GER"]
[Date "2003.06.11"]
[Round "7"]
[White "Heistermann, Till"]
[Black "Mertens, Pauline"]
[Result "1-0"]
[Termination "normal"]
[Board "28"]
[WhiteElo "1619"]
[BlackElo "1353"]
[PlyCount "63"]
[BlackFideId "24671959"]
[EventCountry "GER"]
[EventRounds "11"]
[EventType "swiss"]
[EventDate "2003.06.07"]

1. e4 c5 2. Nf3 d6 3. d4 cxd4 4. Nxd4 Nf6 5. Nc3 g6 6. Be3 Bg7 7. f3 O-O 8. Qd2
Nc6 9. Bc4 Bd7 10. O-O-O Qc7 11. Bb3 Rfc8 12. g4 Ne5 13. h4 Nc4 14. Bxc4 Qxc4
15. h5 b5 16. Kb1 b4 17. Nd5 Nxd5 18. exd5 a5 19. hxg6 fxg6 20. Qh2 Qxd5 21.
Qxh7+ Kf8 22. Nf5 Qg8 23. Qxg8+ Kxg8 24. Nxe7+ Kf8 25. Nxc8 Rxc8 26. Bh6 Bxh6
27. Rxh6 Kg7 28. Rdh1 Bc6 29. g5 Kf7 30. Re1 Rg8 31. Rh7+ Kf8 32. Ree7 1-0

[Event "DEM U12/U12w 2003"]
[Site "Willingen GER"]
[Date "2003.06.11"]
[Round "7"]
[White "Tschikischew, Jürgen"]
[Black "Falke, Isaak"]
[Result "0-1"]
[Termination "normal"]
[Board "29"]
[WhiteElo "1249"]
[BlackElo "1460"]
[PlyCount "88"]
[BlackFideId "24614483"]
[EventCountry "GER"]
[EventRounds "11"]
[EventType "swiss"]
[EventDate "2003.06.07"]

1. d4 d5 2. c4 dxc4 3. e3 e6 4. Bxc4 Nf6 5. Nf3 c5 6. Nc3 Be7 7. O-O O-O 8. Qe2
Nc6 9. Rd1 Qe8 10. Bb5 a6 11. Bxc6 Qxc6 12. Ne5 Qc7 13. Bd2 b5 14. a3 Bb7 15.
Rac1 Qb6 16. Be1 Rfd8 17. dxc5 Qxc5 18. Nd3 Qg5 19. f3 Rac8 20. Bf2 Qh5 21. Nf4
Qh6 22. Rxd8+ Rxd8 23. Rd1 Rc8 24. Bg3 Qg5 25. Nh3 Qc5 26. Kf2 Qb6 27. Nf4 Bc5
28. Nd3 Be7 29. Bh4 Ng4+ 30. fxg4 Bxh4+ 31. g3 Bf6 32. Rc1 Qc6 33. Ke1 Qb6 34.
h4 Qd6 35. Kf2 Bxc3 36. Qc2 Be1+ 37. Nxe1 Rxc2+ 38. Rxc2 Qd7 39. Ke2 h6 40. Rd2
Qc7 41. Kf2 Kh7 42. Nd3 Be4 43. Nf4 Qc1 44. Re2 Qd1 0-1

[Event "DEM U12/U12w 2003"]
[Site "Willingen GER"]
[Date "2003.06.11"]
[Round "7"]
[White "Mijatovic, Andrea"]
[Black "Gröger, Eric"]
[Result "0-1"]
[Termination "normal"]
[Board "30"]
[WhiteElo "1408"]
[BlackElo "1265"]
[PlyCount "98"]
[WhiteFideId "14514524"]
[EventCountry "GER"]
[EventRounds "11"]
[EventType "swiss"]
[EventDate "2003.06.07"]

1. e4 e5 2. Nf3 Nc6 3. d4 exd4 4. Bc4 Nf6 5. O-O Nxe4 6. Re1 d5 7. Bb5 Bc5 8.
Nxd4 O-O 9. Be3 Nxd4 10. Bxd4 Bxd4 11. Qxd4 c6 12. Ba4 Qa5 13. Nc3 Nxc3 14.
bxc3 c5 15. Qxd5 Qxa4 16. Re2 Be6 17. Qxc5 Qd7 18. Qa3 Rad8 19. Ree1 a6 20. f3
Rfe8 21. Qb2 b5 22. Qa3 Qa7+ 23. Kh1 Qf2 24. Rg1 Qxc2 25. Qxa6 Bc4 26. Qa3 Ra8
27. Rgc1 Qxg2+ 28. Kxg2 Rxa3 29. Rc2 Kf8 30. Kf2 Rea8 31. Ke3 Rxa2 32. Rcxa2
Rxa2 33. Rxa2 Bxa2 34. h4 Ke7 35. Kd4 Bc4 36. f4 Ke6 37. Ke4 Kf6 38. Kf3 Kf5
39. h5 h6 40. Kg3 g6 41. hxg6 fxg6 42. Kf3 h5 43. Kg3 g5 44. fxg5 Kxg5 45. Kh3
h4 46. Kh2 Kg4 47. Kg2 h3+ 48. Kh2 Kh4 49. Kg1 Kg3 0-1

[Event "DEM U12/U12w 2003"]
[Site "Willingen GER"]
[Date "2003.06.11"]
[Round "7"]
[White "Park, Johannes"]
[Black "Stelter, Frederik"]
[Result "1-0"]
[Termination "normal"]
[Board "31"]
[WhiteElo "1396"]
[BlackElo "1157"]
[PlyCount "75"]
[EventCountry "GER"]
[EventRounds "11"]
[EventType "swiss"]
[EventDate "2003.06.07"]

1. d4 d5 2. c4 e6 3. Nf3 Nf6 4. Bg5 Be7 5. Nc3 Nbd7 6. e3 O-O 7. Bd3 dxc4 8.
Bxc4 c5 9. O-O b6 10. Qe2 Bb7 11. Rac1 h6 12. Bh4 Ne4 13. Bxe7 Qxe7 14. Nxe4
Bxe4 15. Rfd1 e5 16. dxe5 Nxe5 17. Nxe5 Qxe5 18. Bd3 Bxd3 19. Rxd3 Rfd8 20.
Rcd1 Qf6 21. h3 Kf8 22. b3 Ke7 23. Qg4 Kf8 24. Qg3 Rxd3 25. Rxd3 Qa1+ 26. Kh2
Qxa2 27. Qd6+ Kg8 28. Qd5 Rf8 29. Rd2 Qa6 30. e4 Qc8 31. e5 Qe6 32. f4 Re8 33.
g4 Kh7 34. Kg3 f6 35. Qxe6 Rxe6 36. Rd6 Re7 37. e6 g6 38. f5 1-0

[Event "DEM U12/U12w 2003"]
[Site "Willingen GER"]
[Date "2003.06.11"]
[Round "7"]
[White "Friedt, Edmund"]
[Black "Wassilian, Diana"]
[Result "1/2-1/2"]
[Termination "normal"]
[Board "32"]
[WhiteElo "1306"]
[BlackElo "1376"]
[PlyCount "70"]
[WhiteFideId "24629545"]
[EventCountry "GER"]
[EventRounds "11"]
[EventType "swiss"]
[EventDate "2003.06.07"]

1. e4 e5 2. Nf3 Nc6 3. Bb5 a6 4. Ba4 Nf6 5. O-O b5 6. Bb3 d6 7. d3 h6 8. h3 Be7
9. Nc3 O-O 10. Be3 Be6 11. Qd2 Qd7 12. Nh2 Na5 13. f4 Nxb3 14. axb3 exf4 15.
Bxf4 Nh5 16. g4 Nxf4 17. Qxf4 Bg5 18. Qg3 Bf6 19. Rad1 Bd4+ 20. Kh1 d5 21. e5
f6 22. exf6 Bxf6 23. Rde1 Rae8 24. h4 Qd8 25. Nf3 b4 26. Nd1 Qc8 27. g5 hxg5
28. hxg5 Be7 29. g6 Rf6 30. Nd4 Rxf1+ 31. Rxf1 c5 32. Nxe6 Qxe6 33. Nf2 Qe2 34.
Qh3 Bf6 35. Ng4 Qe6 1/2-1/2

[Event "DEM U12/U12w 2003"]
[Site "Willingen GER"]
[Date "2003.06.11"]
[Round "7"]
[White "Büchner, Felix"]
[Black "Kickert, Germaine-Helene"]
[Result "0-1"]
[Termination "normal"]
[Board "33"]
[WhiteElo "1229"]
[BlackElo "1374"]
[PlyCount "98"]
[BlackFideId "24614890"]
[EventCountry "GER"]
[EventRounds "11"]
[EventType "swiss"]
[EventDate "2003.06.07"]

1. d4 d5 2. c4 e6 3. Nc3 Nf6 4. Bg5 Be7 5. e3 h6 6. Bf4 c5 7. Nf3 Nc6 8. Qd2
Ne4 9. Qd1 cxd4 10. exd4 Bb4 11. Rc1 O-O 12. c5 b6 13. cxb6 Qxb6 14. Be2 Ba6
15. a3 Bxe2 16. Qxe2 Nxc3 17. bxc3 Bxa3 18. Rc2 Qb1+ 19. Qd1 Qxd1+ 20. Kxd1 Na5
21. Ke2 Nc4 22. Rb1 Be7 23. Rb7 Bd8 24. Ra2 Bb6 25. Ra6 Rad8 26. Ne1 Rfe8 27.
Nd3 Na5 28. Rbxa7 Bxa7 29. Rxa5 Bb8 30. Bxb8 Rxb8 31. Ne5 Rb2+ 32. Ke3 Rc8 33.
Ra3 Rc2 34. Kf3 R8xc3+ 35. Rxc3 Rxc3+ 36. Kf4 f6 37. Nf3 g5+ 38. Kg3 h5 39. h3
h4+ 40. Kg4 Rc2 41. g3 hxg3 42. fxg3 Kg7 43. Kh5 Rc3 44. Kg4 f5+ 45. Kxg5 Rxf3
46. Kh4 Rd3 47. g4 fxg4 48. hxg4 Rxd4 49. Kh5 Rf4 0-1

[Event "DEM U12/U12w 2003"]
[Site "Willingen GER"]
[Date "2003.06.11"]
[Round "7"]
[White "Göbel, Florian"]
[Black "Göpel, Martin"]
[Result "1-0"]
[Termination "normal"]
[Board "34"]
[WhiteElo "1180"]
[BlackElo "1476"]
[PlyCount "63"]
[EventCountry "GER"]
[EventRounds "11"]
[EventType "swiss"]
[EventDate "2003.06.07"]

1. e4 c5 2. Nf3 e6 3. d4 cxd4 4. Nxd4 a6 5. Be2 Qc7 6. O-O Nf6 7. Nc3 Bb4 8.
Qd3 Bxc3 9. bxc3 d5 10. exd5 Nxd5 11. Bd2 O-O 12. Bf3 Rd8 13. Rfe1 Nf6 14. Qe2
Bd7 15. Rab1 Nc6 16. Be3 e5 17. Nxc6 Bxc6 18. Bb6 Qe7 19. Bxd8 Qxd8 20. Bxc6
bxc6 21. Qxe5 h6 22. Rb7 a5 23. Qe2 Qd5 24. a4 Re8 25. Qxe8+ Nxe8 26. Rxe8+ Kh7
27. h3 Qd1+ 28. Kh2 Qxc2 29. Rxf7 Qxa4 30. Ree7 Kg6 31. Rxg7+ Kh5 32. Re5+ 1-0

[Event "DEM U12/U12w 2003"]
[Site "Willingen GER"]
[Date "2003.06.11"]
[Round "7"]
[White "Perlick, Maria"]
[Black "Reipschläger, Tom"]
[Result "0-1"]
[Termination "normal"]
[Board "35"]
[WhiteElo "1397"]
[BlackElo "1099"]
[PlyCount "128"]
[EventCountry "GER"]
[EventRounds "11"]
[EventType "swiss"]
[EventDate "2003.06.07"]

1. d4 d5 2. e3 e6 3. c4 c5 4. Nc3 Nf6 5. Nf3 Nbd7 6. Be2 dxc4 7. Bxc4 Nb6 8.
Be2 Be7 9. O-O Nbd5 10. Bd2 b6 11. Rc1 O-O 12. a3 Bb7 13. dxc5 Bxc5 14. b4 Be7
15. Qb3 Rc8 16. Rfd1 Qd6 17. Nxd5 Bxd5 18. Qb2 Ng4 19. Bc3 Bf6 20. e4 Rxc3 21.
Rxc3 Qf4 22. exd5 exd5 23. Rxd5 Be5 24. g3 Qf6 25. Rdd3 Bxc3 26. Qxc3 Qe7 27.
Bd1 Qb7 28. Be2 Re8 29. Bd1 b5 30. Be2 h6 31. Bd1 Qb6 32. Qc2 g6 33. Kh1 Nxf2+
34. Kg2 Ng4 35. Qc1 Qf2+ 36. Kh3 Qf1+ 37. Kh4 Qxd3 38. Qa1 Qe4 39. Kh3 Nf2+ 40.
Kg2 Nxd1 41. Qxd1 g5 42. Kf2 g4 43. Ne1 Qf5+ 44. Kg2 Qe6 45. Kf2 Qa2+ 46. Kg1
Qe2 47. Qxe2 Rxe2 48. Ng2 Ra2 49. Ne3 h5 50. Nd5 Rxa3 51. Nf6+ Kg7 52. Nxh5+
Kh6 53. Nf4 a5 54. bxa5 Rxa5 55. Nd3 Kg5 56. Kf2 Ra4 57. Ke2 Ra2+ 58. Kd1 Rxh2
59. Nc1 b4 60. Ne2 b3 61. Nc3 b2 62. Nb1 Kf5 63. Nc3 Ke5 64. Ke1 Kd4 0-1

[Event "DEM U12/U12w 2003"]
[Site "Willingen GER"]
[Date "2003.06.11"]
[Round "7"]
[White "Völsgen, Georg"]
[Black "Saak, Sandra"]
[Result "0-1"]
[Termination "normal"]
[Board "36"]
[WhiteElo "1159"]
[BlackElo "1361"]
[PlyCount "116"]
[WhiteFideId "24635901"]
[EventCountry "GER"]
[EventRounds "11"]
[EventType "swiss"]
[EventDate "2003.06.07"]

1. e4 e6 2. d4 d5 3. e5 c5 4. c3 Nc6 5. Nf3 Qb6 6. Be2 cxd4 7. cxd4 Nh6 8. Bxh6
Qxb2 9. Nbd2 gxh6 10. Qc1 Qxc1+ 11. Rxc1 Bb4 12. Rc2 Rg8 13. O-O Kd8 14. Nb3 b6
15. Bb5 Bb7 16. Rfc1 Rc8 17. Nbd2 a6 18. Bd3 Rg7 19. Rb1 Bxd2 20. Rxd2 b5 21.
a4 b4 22. Be2 Ke7 23. Rc2 a5 24. Rbc1 Rgg8 25. Bd3 Rh8 26. h3 Na7 27. Rxc8 Rxc8
28. Rxc8 Nxc8 29. Nd2 Na7 30. Bxh7 f6 31. Bd3 fxe5 32. dxe5 Nc6 33. Nf3 Bc8 34.
Bc2 Bd7 35. g4 Kf7 36. h4 Be8 37. h5 Ne7 38. Nd4 Nc6 39. Nxc6 Bxc6 40. f4 d4
41. Kf2 d3 42. Bd1 Be4 43. Bf3 Bxf3 44. Kxf3 b3 45. Ke3 b2 46. Kxd3 b1=Q+ 47.
Kc4 Qf1+ 48. Kc5 Qxf4 49. Kb5 Qb4+ 50. Ka6 Qxa4 51. g5 hxg5 52. h6 Qh4 53. h7
Qxh7 54. Kxa5 Qb1 55. Ka4 Ke7 56. Ka3 Kd7 57. Ka4 Kc6 58. Ka3 Kc5 0-1

[Event "DEM U12/U12w 2003"]
[Site "Willingen GER"]
[Date "2003.06.11"]
[Round "7"]
[White "Schultheiß, Vera"]
[Black "van Orsouw, Svenja"]
[Result "1/2-1/2"]
[Termination "normal"]
[Board "37"]
[WhiteElo "1046"]
[BlackElo "1311"]
[PlyCount "56"]
[BlackFideId "24677124"]
[EventCountry "GER"]
[EventRounds "11"]
[EventType "swiss"]
[EventDate "2003.06.07"]

1. e4 c5 2. Nf3 Nc6 3. Nc3 d6 4. Bc4 e6 5. d3 Nf6 6. Bg5 Be7 7. Bb5 O-O 8. Bxc6
bxc6 9. e5 Nd7 10. Bxe7 Qxe7 11. Qe2 d5 12. d4 c4 13. b3 Nb6 14. O-O Ba6 15.
Rfb1 Rab8 16. h3 Qb7 17. Qd1 Qc7 18. Nd2 cxb3 19. axb3 Bc8 20. Ra2 f6 21. Nf3
Rb7 22. Rba1 c5 23. Qd2 cxd4 24. Qxd4 Rf7 25. Nb5 Qd7 26. Nd6 fxe5 27. Qxe5
Rxf3 28. Nxb7 Rf5 1/2-1/2

[Event "DEM U12/U12w 2003"]
[Site "Willingen GER"]
[Date "2003.06.11"]
[Round "7"]
[White "Döring, Julia"]
[Black "Prosch, Julia"]
[Result "1-0"]
[Termination "normal"]
[Board "38"]
[WhiteElo "1257"]
[BlackElo "1003"]
[PlyCount "45"]
[EventCountry "GER"]
[EventRounds "11"]
[EventType "swiss"]
[EventDate "2003.06.07"]

1. e4 e5 2. Nf3 Nc6 3. Nc3 Nf6 4. Bb5 d6 5. O-O Bd7 6. Re1 Be7 7. d4 O-O 8. Be3
a6 9. Bc4 Bg4 10. Be2 Bxf3 11. Bxf3 exd4 12. Bxd4 Qd7 13. Be3 Rad8 14. Bf4 Rfe8
15. Re2 Ng4 16. Rd2 Nge5 17. Be2 h6 18. Qe1 Bf6 19. Bg3 Re6 20. f4 Nf3+ 21.
Bxf3 Nb4 22. Bg4 Bd4+ 23. Kh1 1-0

[Event "DEM U12/U12w 2003"]
[Site "Willingen GER"]
[Date "2003.06.11"]
[Round "7"]
[White "Mischke, Daniel"]
[Black "Thewes, Johannes"]
[Result "1-0"]
[Termination "normal"]
[Board "39"]
[WhiteElo "1238"]
[BlackElo "903"]
[PlyCount "73"]
[BlackFideId "4624823"]
[EventCountry "GER"]
[EventRounds "11"]
[EventType "swiss"]
[EventDate "2003.06.07"]

1. e4 c6 2. d4 d5 3. e5 Bf5 4. Bd3 Bxd3 5. Qxd3 Nd7 6. Nf3 e6 7. Nc3 Qc7 8. Ne2
Be7 9. Be3 c5 10. c3 Rc8 11. Rc1 f6 12. Bf4 Qa5 13. a3 cxd4 14. Nexd4 Qb6 15.
Qb5 Qxb5 16. Nxb5 a6 17. Nbd4 fxe5 18. Bxe5 Nxe5 19. Nxe5 Bf6 20. Nef3 e5 21.
Nf5 Ne7 22. Nd6+ Kd7 23. Nxc8 Rxc8 24. O-O Ng6 25. Rcd1 Kc6 26. g3 e4 27. Nd2
Ne5 28. Nb3 b6 29. Nd4+ Kb7 30. Nf5 Rd8 31. Ne3 Kc6 32. b3 Nf3+ 33. Kg2 Bxc3
34. Rc1 d4 35. Rfd1 Nd2 36. Rxd2 Kb5 37. Rxc3 1-0

[Event "DEM U12/U12w 2003"]
[Site "Willingen GER"]
[Date "2003.06.11"]
[Round "7"]
[White "Frey, Alisa"]
[Black "Billing, Tanja"]
[Result "0-1"]
[Termination "normal"]
[Board "40"]
[WhiteElo "1138"]
[BlackElo "1226"]
[PlyCount "110"]
[WhiteFideId "24634662"]
[BlackFideId "24647993"]
[EventCountry "GER"]
[EventRounds "11"]
[EventType "swiss"]
[EventDate "2003.06.07"]

1. e4 c5 2. Nf3 Nc6 3. d4 cxd4 4. Nxd4 g6 5. Nc3 Bg7 6. Be3 Nf6 7. Qd2 O-O 8.
O-O-O a6 9. Be2 d6 10. Nf3 Be6 11. Bh6 Nb4 12. Kb1 Qb6 13. Bxg7 Kxg7 14. Qd4
Qxd4 15. Nxd4 Bd7 16. a3 Nc6 17. Nxc6 Bxc6 18. Bd3 Rfd8 19. h3 d5 20. e5 Nd7
21. Be2 Nxe5 22. f4 Nc4 23. Rhe1 Ne3 24. Rd2 Nxg2 25. Red1 Nxf4 26. h4 Nxe2 27.
Rxe2 e6 28. Rf1 d4 29. Ne4 Bb5 30. Ref2 Bxf1 31. Rxf1 h6 32. Nc5 b6 33. Nd3 Rd5
34. Nf4 Rf5 35. Rf2 e5 36. Nd3 Rxf2 37. Nxf2 Re8 38. Kc1 f5 39. Kd2 e4 40. Ke2
Ra8 41. Kd1 g5 42. hxg5 hxg5 43. Nh3 Kh6 44. Ng1 f4 45. Ne2 Rd8 46. Ke1 Kh5 47.
Nc1 f3 48. Kf2 Kg4 49. b4 e3+ 50. Kf1 Rf8 51. Nd3 f2 52. Ne5+ Kg3 53. Nd7 e2+
54. Kxe2 f1=Q+ 55. Kd2 Rf2# 0-1

[Event "DEM U12/U12w 2003"]
[Site "Willingen GER"]
[Date "2003.06.11"]
[Round "7"]
[White "Müller, Anna-Louise"]
[Black "Zikeli, Julia"]
[Result "0-1"]
[Termination "normal"]
[Board "42"]
[WhiteElo "821"]
[BlackElo "1420"]
[PlyCount "88"]
[WhiteFideId "4633512"]
[BlackFideId "24622753"]
[EventCountry "GER"]
[EventRounds "11"]
[EventType "swiss"]
[EventDate "2003.06.07"]

1. e4 e6 2. d4 d5 3. exd5 exd5 4. Bd3 Nf6 5. Qe2+ Be6 6. Bf5 Qd6 7. Qb5+ Qc6 8.
Qxc6+ Nxc6 9. Bxe6 fxe6 10. Nf3 Bd6 11. Nc3 O-O-O 12. O-O e5 13. Ng5 Rd7 14.
dxe5 Bxe5 15. f4 Bd4+ 16. Kh1 Re8 17. Bd2 h6 18. Nf3 Ne4 19. Rfe1 Bxc3 20. Bxc3
d4 21. Bd2 Rde7 22. Red1 Nf2+ 23. Kg1 Nxd1 24. Rxd1 Re4 25. Re1 Rxe1+ 26. Nxe1
Re2 27. Nf3 Kd7 28. Kf1 Re6 29. c3 dxc3 30. Bxc3 g6 31. Kf2 Ne7 32. g4 Nd5 33.
Be5 Nb4 34. a3 Nd3+ 35. Kg3 Nxe5 36. Nxe5+ Ke7 37. Nf3 Re2 38. Ne5 Kf6 39. Nd7+
Kg7 40. f5 gxf5 41. gxf5 Rxb2 42. f6+ Kf7 43. Ne5+ Kxf6 44. Nd7+ Kg7 0-1

[Event "DEM U12/U12w 2003"]
[Site "Willingen GER"]
[Date "2003.06.11"]
[Round "7"]
[White "Demmler, Julia"]
[Black "Wisheckel, Lena"]
[Result "1/2-1/2"]
[Termination "normal"]
[Board "43"]
[WhiteElo "1385"]
[BlackElo "1242"]
[PlyCount "102"]
[BlackFideId "24691992"]
[EventCountry "GER"]
[EventRounds "11"]
[EventType "swiss"]
[EventDate "2003.06.07"]

1. e4 e5 2. Nf3 Nf6 3. Nc3 Nc6 4. d4 Bb4 5. Bg5 d6 6. Bb5 Bd7 7. O-O h6 8. Bh4
Bxc3 9. Bxf6 Qxf6 10. bxc3 a6 11. Ba4 b5 12. Bb3 Bg4 13. Bd5 Bd7 14. h3 O-O 15.
Rb1 Rab8 16. Qd3 Ne7 17. Bb3 exd4 18. cxd4 Qg6 19. Kh1 b4 20. Rfe1 a5 21. c3 d5
22. cxb4 axb4 23. Qc2 c6 24. Ne5 Qe6 25. Nxd7 Qxd7 26. exd5 Nxd5 27. Qc4 Rfe8
28. Rxe8+ Rxe8 29. Qc5 Rb8 30. Bxd5 Qxd5 31. Qxd5 cxd5 32. Rc1 Rb5 33. Rc8+ Kh7
34. Rc7 Kg6 35. Ra7 Rb6 36. Ra5 Rd6 37. Rb5 Kf5 38. Rxb4 f6 39. g3 Ke4 40. Kg2
Ra6 41. a4 g5 42. g4 f5 43. gxf5 Kxf5 44. Kf3 h5 45. Kg3 Ke4 46. f3+ Ke3 47. h4
gxh4+ 48. Kxh4 Kxf3 49. Kxh5 Ke4 50. Kg5 Kd3 51. Kf4 Kc3 1/2-1/2

[Event "DEM U12/U12w 2003"]
[Site "Willingen GER"]
[Date "2003.06.11"]
[Round "7"]
[White "Eckoldt, Katja"]
[Black "Häcker, Katrin"]
[Result "1/2-1/2"]
[Termination "normal"]
[Board "44"]
[WhiteElo "979"]
[BlackElo "1253"]
[PlyCount "107"]
[BlackFideId "24667986"]
[EventCountry "GER"]
[EventRounds "11"]
[EventType "swiss"]
[EventDate "2003.06.07"]

1. e4 e5 2. Nf3 Nc6 3. Bc4 Bc5 4. c3 Nf6 5. d3 O-O 6. O-O d5 7. exd5 Nxd5 8.
Bb5 Bg4 9. h3 Bh5 10. Bxc6 bxc6 11. c4 Nf6 12. Be3 Bxe3 13. fxe3 e4 14. dxe4
Nxe4 15. Qxd8 Raxd8 16. Ne5 Rde8 17. Nxc6 Ng3 18. Re1 Ne2+ 19. Kh2 Rxe3 20.
Nxa7 Rfe8 21. Na3 Nf4 22. Rxe3 Rxe3 23. N3b5 Re2 24. Kg3 Nxg2 25. Nxc7 Rxb2 26.
Nab5 Ne3 27. Re1 Nf5+ 28. Kf4 g6 29. Kg5 Rxa2 30. Kf6 Re2 31. Rxe2 Bxe2 32. c5
Bf1 33. c6 Bxh3 34. Na7 Nd6 35. Ncb5 Ne8+ 36. Ke7 Ng7 37. c7 Nf5+ 38. Kf6 Ng3
39. c8=Q+ Bxc8 40. Nxc8 h5 41. Ncd6 h4 42. Nxf7 h3 43. Nh6+ Kh7 44. Ng4 Ne4+
45. Ke5 Ng5 46. Kf4 Ne6+ 47. Kg3 g5 48. Kxh3 Kg6 49. Nd6 Kh5 50. Ne4 Nf4+ 51.
Kg3 Ne2+ 52. Kf3 Kh4 53. Kxe2 Kxg4 54. Nxg5 1/2-1/2

[Event "DEM U12/U12w 2003"]
[Site "Willingen GER"]
[Date "2003.06.12"]
[Round "8"]
[White "Savchenko, Aleksij"]
[Black "Müller, Reinhold"]
[Result "1/2-1/2"]
[Termination "normal"]
[Board "1"]
[WhiteElo "1774"]
[BlackElo "2003"]
[PlyCount "40"]
[WhiteFideId "24611727"]
[BlackFideId "24605875"]
[EventCountry "GER"]
[EventRounds "11"]
[EventType "swiss"]
[EventDate "2003.06.07"]

1. d4 c5 2. d5 e5 3. Nc3 d6 4. e4 Be7 5. Bb5+ Nd7 6. a4 Bg5 7. Nf3 Bxc1 8. Qxc1
Ngf6 9. Nd2 O-O 10. Nc4 Qe7 11. Qd2 Rb8 12. a5 Ne8 13. a6 b6 14. f3 Nc7 15. Ne3
Nf6 16. g4 Nfe8 17. Nc4 Bd7 18. Na3 Bc8 19. Nc4 Bd7 20. Na3 Bc8 1/2-1/2